000 00329cam a22001097a 4500
008 180718b1952 xxu||||| |||| 00| 0 eng d
082 _aA45:O MADH/1952
245 _aAnnual report of the public health department
260 _aNagpur
_bGovernment of Madhya Pradesh
_c1952
300 _a219p.
700 _aGovernment of Madhya Pradesh
999 _c503615
_d503615